Γιάννης Ψυχοπαίδης : διασταυρώσεις = Jannis Psychopedis : intersections

Αποθηκεύτηκε σε:
Λεπτομέρειες βιβλιογραφικής εγγραφής
Κύριος συγγραφέας: Ψυχοπαίδης, Γιάννης, 1945-
Συγγραφή απο Οργανισμό/Αρχή: Ίδρυμα Πέτρου και Μαρίκας Κυδωνιέως
Άλλοι συγγραφείς: Σχινά, Αθηνά (curf)
Μορφή: Βιβλίο
Γλώσσα:Greek
English
Δημοσίευση: Άνδρος : Ίδρυμα Πέτρου και Μαρίκας Κυδωνιέως, 1998.
Θέματα:
Ετικέτες: Προσθήκη ετικέτας
Δεν υπάρχουν, Καταχωρήστε ετικέτα πρώτοι!

MARC

LEADER 00000cam a2200000 i 4500
001 1/48787
008 040217s1998 gr | ||| |||| ||gre||
035 |l 10072307 
040 |a GR-MyUa  |b gre  |e AACR2 
041 0 |a gre  |a eng 
082 7 |a 700.92   |2 (21)  
100 1 |a Ψυχοπαίδης, Γιάννης,   |d 1945- 
245 1 0 |a Γιάννης Ψυχοπαίδης :   |b διασταυρώσεις = Jannis Psychopedis : intersections /   |c κείμενα και επιμέλεια έκθεσης Αθηνά Σχινά.  
246 1 |i Παράλληλος τίτλος:   |a Ψυχοπαίδης :   |b intersections  
260 |a Άνδρος :   |b Ίδρυμα Πέτρου και Μαρίκας Κυδωνιέως,   |c 1998.  
300 |a 135 σ. :   |b έγχρ. εικ. ;   |c 29 εκ.  
500 |a Κατάλογος έκθεσης του Ίδρύματος Πέτρου και Μαρίκας Κυδωνιέως στα πλαίσια πολιτιστικών εκδηλώσεων με γενικό τίτλο "Πλοες", Ιουλ - Σεπ 1998, Άνδρος.  
500 |a Άνω του τίτλου: Πλόες IV.  
600 1 7 |2 nlgaf  |a Ψυχοπαίδης, Γιάννης,   |d 1945-  |v Exhibitions. 
650 0 |a Painting, Greek  |y 20th century  |x Exhibitions. 
700 1 |a Σχινά, Αθηνά,  |e curf 
710 2 |a Ίδρυμα Πέτρου και Μαρίκας Κυδωνιέως. 
852 |a INST  |b SYROS  |c KYK  |e 20040217  |h 700.92 ΨΥΧ  |p 005500003212  |q 005500003212  |t BK  |y 0 
901 |a BIBL5-2004-1 
970 |a Καγιαβά  |b Ειρήνη  |z 17/02/2004